00550nam a2200181Ia 4500003000400000005001700004008004100021040000700062041001200069082001600081100009600097245002300193260004300216300001500259365001000274650002000284700006400304OSt20251204151012.0210719s1972 xx 000 0 und d cAL aKannada aK894.3 TARK aTARASHANKARA BANDOPADHYAYdತಾರಾಶಂಕರ ಬಂದೋಪಾಧ್ಯಾಯ aKavi. bಕವಿ. aHosa DehalibNyashanal Buk Trastc1972 a281,ivbPB b6cRs aKannada Fiction aAhobala Shankara.d ಅಹೋಬಲ ಶಂಕರ tr.